|
|
|
|
| LEADER |
00799nim a2200241za 4500 |
| 001 |
000997682 |
| 003 |
CZ BrMZK |
| 005 |
20260507071501.0 |
| 007 |
sd fsngnnmmned |
| 008 |
050329s2004 enk|||||||||||||| engod |
| 020 |
|
|
|a 0194379795
|
| 040 |
|
|
|a BOA001
|b cze
|
| 100 |
1 |
|
|a Grant, David
|7 pna2006322411
|
| 245 |
1 |
0 |
|a Business focus. Pre-intermediate. Class CDs :
|h [zvukový záznam] /
|c David Grant, Robert McLarty
|
| 260 |
|
|
|a Oxford :
|b Oxford University Press,
|c 2004
|
| 300 |
|
|
|a sada 2 kompaktních disků v 1 obalu +
|e knihy EB 16
|
| 490 |
1 |
|
|a Oxford business English
|
| 653 |
0 |
|
|a obchodní angličtina pro mírně pokročilé
|
| 700 |
1 |
|
|a McLarty, Robert
|7 pna2006322412
|
| 830 |
|
0 |
|a Oxford business English
|
| 910 |
|
|
|a BOA001
|x CD-A 45
|
| 990 |
|
|
|a AM
|
| 991 |
|
|
|s SKRYTO odpis
|z 000046255
|x 99
|